000 00992nam a2200229 i 4500
001 bg
100 1 _aWEGNER, Tadeusz
245 1 0 _aEnergetyczna metoda modelowania i wyznaczania charakterystyk dynamicznych elementów mechanicznych o silnym tłumieniu :
_bna przykładzie obrotowo symetrycznych drgań o dużych amplitudach pierścienia z materiału praktycznie nieściśliwego /
_cTadeusz Wegner.
260 _aPoznań :
_bWydaw. PP,
_c1997.
300 _a98 s. :
_brys., wykr. (w tym kolor.) ;
_c24 cm.
490 1 _aRozprawy / Politechnika Poznańska,
_x0551-6528 ;
_vNr 323
504 _aBibliogr. s. 111-114. - Streszcz.
650 9 _aDrgania
_xmechanika
_xbadanie
_xmetody
650 9 _aNaprężenia i odkształcenia
_xbadanie
_xmetody
650 9 _aAnaliza numeryczna
_xstosowanie
_xmechanika
830 0 _aRozprawy (Politechnika Poznańska) ;
_vNr 323
040 _cBPK
041 0 _apl
080 _a534:539.3/.6]:519.6
942 _cKS
008 s pl f |000 0 pol
999 _c32617
_d32617
856 _uhttp://koha.tu.koszalin.pl/cgi-bin/koha/opac-detail.pl?biblionumber=32617
_yKatalog online BPK